Statistics for Cầu thủ Việt Nam dự Giải U23 Châu Á

Click here to take the quiz!

General Stats

  • This quiz has been taken 5 times
  • The average score is 11 of 23

Answer Stats

Chiều caoCầu thủ% Correct
176 cmBùi Tiến Dụng
100%
181 cmBùi Tiến Dũng
100%
172 cmHà Đức Chinh
100%
168 cmNguyễn Quang Hải
100%
182 cmNguyễn Tiến Linh
67%
186 cmNguyễn Văn Toản
67%
175 cmTrần Đình Trọng
67%
181 cmBùi Hoàng Việt Anh
33%
170 cmĐỗ Thanh Thịnh
33%
180 cmHồ Tấn Tài
33%
182 cmHuỳnh Tấn Sinh
33%
177 cmLê Ngọc Bảo
33%
184 cmNguyễn Đức Chiến
33%
183 cmNguyễn Hoàng Đức
33%
181 cmNguyễn Thành Chung
33%
172 cmNguyễn Trọng Hùng
33%
178 cmNhâm Mạnh Dũng
33%
171 cmTriệu Việt Hưng
33%
169 cmTrần Bảo Toàn
33%
175 cmTrần Thanh Sơn
33%
171 cmTrương Văn Thái Quý
33%
182 cmY Êli Niê
33%
169 cmNguyễn Hữu Thắng
0%

Score Distribution

Percentile by Number Answered

Percent of People with Each Score

Your Score History

You have not taken this quiz